000 00721nam a22001817a 4500
005 20251108165353.0
008 250721s1983 xx 000 0 ara d
082 1 4 _aم/061.020/محم
100 1 _aعبد الهادي، محمد فتحي
245 1 0 _aالدليل الببليوغرافي للإنتاج الفكري العربي في مجال المعلومات 1976-1980 /
264 1 _aتونس :
_bالمنظمة العربية للتربية و الثقافة و الفنون-ادارة التوثيق و المعلومات،
_c1983.
300 _a231ص
650 1 7 _aعلم المكتبات
650 1 7 _aالببليوغرافيات
650 1 7 _aالمعلومات
942 _2ddc
_cREF
999 _c26288
_d26288